| 000 | 00786nam a2200217Ia 4500 | ||
|---|---|---|---|
| 003 | OSt | ||
| 005 | 20210901141628.0 | ||
| 008 | 210310s1994 ck gr 000 0 spa d | ||
| 040 |
_cCO-JMCR _aCO-JMCR |
||
| 041 | 0 | _aspa | |
| 082 | 0 | 4 |
_a338.642 / _bM371p _223 |
| 100 | 1 |
_aMisas Arango, Gabriel, _eautor _927989 |
|
| 245 | 1 | 3 |
_aEl papel de las pequeñas unidades de producción en el desarrollo industrial colombiano _cGabriel Misas Arango |
| 260 |
_aBogotá : _bPlan nacional para el desarrollo de la empresa, _c[1994]. |
||
| 300 |
_a103 páginas ; _c24 cm. |
||
| 501 | _aCon : notas a pie de página. | ||
| 650 | 1 | 4 |
_xMicroempresas _aUnidades de producción _939861 |
| 650 | 2 | 4 |
_xDesarrollo industrial _zColombia _97359 |
| 650 | 2 | 4 |
_xProducción _zColombia _939862 |
| 942 |
_2ddc _cBK |
||
| 999 |
_c12351 _d12351 |
||